[Event "GER-chT Nord-Ost U20 U20 1112"]
[Site "Germany"]
[Date "2012.05.13"]
[Round "9.4"]
[White "Schiefke, Kevin"]
[Black "Celmer, Ole"]
[Result "1/2-1/2"]
[WhiteElo "1609"]
[BlackElo "1779"]
[PlyCount "98"]
[EventDate "2011.09.24"]
[EventType "team-tourn"]
[EventRounds "9"]
[EventCountry "GER"]
[SourceTitle "EXT 2015"]
[Source "ChessBase"]
[SourceDate "2014.11.20"]
[SourceVersion "1"]
[SourceVersionDate "2014.11.20"]
[SourceQuality "1"]

1. e4 e5 2. Nc3 Nf6 3. g3 Bc5 4. h3 Nc6 5. Bg2 d6 6. Nge2 0-0 7. 0-0 a6 8. Nd5 Nxd5 9. exd5 Nd4 10. Nxd4 Bxd4 11. c3 Bb6 12. b3 Bf5 13. Bb2 Bd3 14. Re1 Qg5 15. c4 Qxg3 16. Qf3 Qg6 17. Rac1 Bf5 18. Kh1 Bd7 19. Red1 c6 20. dxc6 Bxc6 21. Qg3 Bxg2+ 22. Qxg2 Qxg2+ 23. Kxg2 Rad8 24. d4 f6 25. Rc2 e4 26. Rcd2 Ba5 27. Re2 f5 28. f3 exf3+ 29. Kxf3 Rfe8 30. Ba3 Rxe2 31. Kxe2 Re8+ 32. Kf3 Bc7 33. d5 Re4 34. c5 dxc5 35. Bxc5 Kf7 36. d6 Bd8 37. d7 g6 38. b4 Re6 39. a4 b6 40. Be3 g5 41. Rd5 f4 42. Bf2 h6 43. a5 bxa5 44. bxa5 Ke7 45. Bc5+ Kf6 46. Bb6 Ke7 47. Bc5+ Kf6 48. Kg4 Kf7 49. Kf3 Kf6 1/2-1/2

[Event "GER North-chT U16"]
[Site "Verden an der Aller"]
[Date "2008.09.12"]
[Round "2.4"]
[White "Tarouchkin, Alexander"]
[Black "Schiefke, Kevin"]
[Result "1-0"]
[WhiteElo "1108"]
[BlackElo "1211"]
[PlyCount "117"]
[EventDate "2008.09.12"]
[EventType "team-swiss"]
[EventRounds "6"]
[EventCountry "GER"]
[SourceTitle "EXT 2011"]
[Source "ChessBase"]
[SourceDate "2010.11.26"]
[SourceVersion "1"]
[SourceVersionDate "2010.11.26"]
[SourceQuality "1"]
[WhiteTeam "Magdeburg Aufbau Elbe"]
[BlackTeam "Loeberitz"]
[WhiteTeamCountry "GER"]
[BlackTeamCountry "GER"]

1. e4 c5 2. Nc3 Nc6 3. d3 Nf6 4. g3 g6 5. Bg2 Bg7 6. f4 e5 7. f5 d6 8. Nf3 gxf5 9. exf5 Bxf5 10. Bg5 h6 11. Bh4 Qd7 12. Qe2 Bg4 13. h3 Bxf3 14. Bxf3 Nd4 15. Qf2 Rb8 16. Bg2 Qf5 17. Qxf5 Nxf5 18. Bxf6 Bxf6 19. 0-0 Nxg3 20. Rxf6 Ke7 21. Rf3 Rhg8 22. Kh2 Nh5 23. Nd5+ Ke6 24. c4 Rg7 25. Re1 Rbg8 26. Kh1 Kd7 27. Ref1 Ke6 28. Nf6 Nxf6 29. Rxf6+ Ke7 30. Bxb7 Rh8 31. Bd5 Rhh7 32. a3 a5 33. b3 h5 34. R6f2 h4 35. Rg1 Rxg1+ 36. Kxg1 Rg7+ 37. Kf1 Ke8 38. Ke2 Ke7 39. Kd2 f6 40. Rg2 Rxg2+ 41. Bxg2 f5 42. Bd5 Kf6 43. b4 axb4 44. axb4 cxb4 45. Kc2 Ke7 46. Kb3 Kd7 47. Kxb4 Kc7 48. Kc3 Kb6 49. Kd2 Kc5 50. Ke3 f4+ 51. Ke4 Kb4 52. d4 f3 53. Kxf3 exd4 54. Kg4 d3 55. Kxh4 d2 56. Bf3 Kxc4 57. Kg5 Kd4 58. h4 Ke5 59. h5 1-0